Daniel / (Record no. 692)

MARC details
000 -LEADER
fixed length control field 00936pam a2200265 a 4500
001 - CONTROL NUMBER
control field 1597301
003 - CONTROL NUMBER IDENTIFIER
control field GBCCL
005 - DATE AND TIME OF LATEST TRANSACTION
control field 20260121110857.0
008 - FIXED-LENGTH DATA ELEMENTS--GENERAL INFORMATION
fixed length control field 940526s1994 tnub 001 0 eng
020 ## - INTERNATIONAL STANDARD BOOK NUMBER
International Standard Book Number 0805401180 :
Terms of availability $27.99
040 ## - CATALOGING SOURCE
Original cataloging agency DLC
Transcribing agency DLC
Modifying agency DLC
082 00 - DEWEY DECIMAL CLASSIFICATION NUMBER
Classification number 220.77
Edition information 20
Item number NAC
082 00 - DEWEY DECIMAL CLASSIFICATION NUMBER
Classification number 224.5077
Item number MIL
100 1# - MAIN ENTRY--PERSONAL NAME
Personal name Miller, Stephen R.,
Dates associated with a name 1949-
9 (RLIN) 797
245 10 - TITLE STATEMENT
Title Daniel /
Statement of responsibility, etc. Stephen R. Miller.
260 ## - PUBLICATION, DISTRIBUTION, ETC.
Place of publication, distribution, etc. Nashville, Tenn. :
Name of publisher, distributor, etc. Broadman & Holman,
Date of publication, distribution, etc. c1994.
300 ## - PHYSICAL DESCRIPTION
Extent 348 p. :
Other physical details map ;
Dimensions 24 cm.
440 #4 - SERIES STATEMENT/ADDED ENTRY--TITLE
Title The New American Commentary ;
Volume/sequential designation v. 18
9 (RLIN) 798
500 ## - GENERAL NOTE
General note Includes indexes.
630 00 - SUBJECT ADDED ENTRY--UNIFORM TITLE
Uniform title Bible.
Name of part/section of a work Daniel
General subdivision Commentaries.
9 (RLIN) 799
856 42 - ELECTRONIC LOCATION AND ACCESS
Materials specified Publisher description
Uniform Resource Identifier <a href="http://www.loc.gov/catdir/enhancements/fy1003/94025014-d.html">http://www.loc.gov/catdir/enhancements/fy1003/94025014-d.html</a>
906 ## - LOCAL DATA ELEMENT F, LDF (RLIN)
a 7
b cbc
c orignew
d 1
e ocip
f 19
g y-gencatlg
942 ## - ADDED ENTRY ELEMENTS (KOHA)
Source of classification or shelving scheme Dewey Decimal Classification
Koha item type Reference Books
Holdings
Withdrawn status Lost status Source of classification or shelving scheme Damaged status Not for loan Home library Current Library Shelving location Date acquired Total checkouts Full call number Barcode Date last seen Copy number Price effective from Koha item type
    Dewey Decimal Classification     GRACE BIBLE COLLEGE GRACE BIBLE COLLEGE Commentary 2017-03-07   220.77 NAC 014145 2025-05-01 c.1 v.18 2017-03-07 Reference Books
© Grace Bible College Library 2025